|
|
|
|
| LEADER |
01603nam a22002657a 4500 |
| 001 |
34212 |
| 003 |
BD-DhAAL |
| 005 |
20260301103244.0 |
| 008 |
190127t2016 bg ad b 000 0 eng d |
| 040 |
|
|
|a BD-DhAAL
|c BD-DhAAL
|
| 082 |
0 |
0 |
|a 343.095492
|2 22
|
| 245 |
1 |
4 |
|a The code of criminal procedure, 1898 (act no. V of 1898) /
|c Legislative and Parliamentary Affairs Division, Ministry of Law, Justice and Parliamentary Affairs, Government of the People's Republic of Bangladesh
|
| 260 |
|
|
|a Dhaka :
|b Legislative and Parliamentary Affairs Division, Ministry of Law, Justice and Parliamentary Affairs, Government of the People's Republic of Bangladesh,
|c 2016
|
| 300 |
|
|
|a xxxv, 404 pages :
|b illustrations ;
|c 24 cm.
|
| 504 |
|
|
|a Includes bibliographical references.
|
| 526 |
|
|
|a SOL
|
| 541 |
|
|
|a Development Book Agency
|e 34212, 34213
|
| 650 |
|
0 |
|a Criminal Procedure
|z Bangladesh.
|9 29803
|
| 650 |
|
0 |
|a Law.
|9 43165
|
| 710 |
|
|
|a Government of the People's Republic of Bangladesh,
|b Ministry of Law, Justice and Parliamentary Affairs,
|b Legislative and Parliamentary Affairs Division
|9 29804
|
| 852 |
4 |
|
|a Ayesha Abed Library
|j General Stacks
|
| 942 |
0 |
0 |
|2 ddc
|c BK
|
| 999 |
|
|
|c 40388
|d 40388
|
| 952 |
|
|
|0 0
|1 0
|2 ddc
|4 0
|6 343_095492000000000_COD
|7 0
|9 64914
|a BRACUL
|b BRACUL
|c GEN
|d 2019-01-06
|e Development Book Agency
|g 500.00
|l 6
|m 14
|o 343.095492 COD
|p 3010034212
|r 2024-05-14
|s 2024-05-11
|t 1
|v 500.00
|w 2019-01-06
|y BK
|
| 952 |
|
|
|0 0
|1 0
|2 ddc
|4 0
|6 343_095492000000000_COD
|7 0
|9 64915
|a BRACUL
|b BRACUL
|c GEN
|d 2019-01-06
|e Development Book Agency
|g 500.00
|l 8
|m 45
|o 343.095492 COD
|p 3010034213
|r 2026-01-03
|s 2025-10-16
|t 2
|v 500.00
|w 2019-01-06
|y BK
|